Мексиканская песня (Запис номер 120206)
[ съкратено ]
| 000 -Лидер | |
|---|---|
| Контролно поле с фиксирана дължина | ncm a22 c 4500 |
| 003 - Код на организацията, давaща контролен номер | |
| Контролно поле | BLK |
| 005 - Дата и час на последна редакция | |
| Контролно поле | 20200415203501.0 |
| 008 - Елементи от данни с фиксирана дължина | |
| fixed length control field | 180409b bul|||||r ||||||| ||bul|| |
| 010 ## - Наследен системен номер | |
| LC control number | KNG00125822000 |
| 040 ## - Източник на каталожния запис | |
| Идентификатор на билиотеката - собственик на записа | BLK |
| 041 ## - Код за език | |
| Код за езика на текст/звукозапис или на отделно заглавие | Руски |
| Код за езика КДБФ | Руски |
| 080 ## - УДК | |
| Текстов определител УДК | Народни песни - исторически, хороводни, обичайни |
| УДК код - определител по УДК | 784.4 |
| УДК определител | (72) |
| УДК - код + определител | 784.4(72) |
| 100 1# - Редна дума - Автор | |
| Автор | Пичугин, Павел Алексеевич |
| Авторска отговорност | първи автор |
| R(LIN) | 111008 |
| 139 ## - Редно поле | |
| Редна дума | Пичугин, Павел Алексеевич |
| Авторски знак | |
| 245 10 - Сведения за заглавието | |
| Заглавие | Мексиканская песня |
| Редно поле (дума) | Павел Алексеевич Пичугин. |
| 260 ## - Област на издателските данни | |
| Име на издателя, разпространителя и проч. | Сов. композитор |
| Година на издаване | 1977 |
| Място на издаване, разпространение и проч. | Москва |
| 300 ## - Физическа характеристика | |
| Страници | 272 с., 16 с. |
| Илюстрации и др. | с ил., ноти |
| Размери/Мащаб | 21 см |
| 380 ## - Жанр | |
| Жанр | Изкуство |
| 500 ## - Общи забележки | |
| Забележка | Библиогр. и нотогр. с. 269 - 270. |
| 650 #4 - Допълнително описание по предмет – тема | |
| Основно описание – тема или топоним | Музика, народна, вокална |
| 9 (RLIN) | 316545 |
| 650 #4 - Допълнително описание по предмет – тема | |
| Основно описание – тема или топоним | Мексико |
| 9 (RLIN) | 179210 |
| 651 #4 - Допълнително описание по предмет - топоним | |
| Географско понятие | Мексико |
| 9 (RLIN) | 179210 |
| 653 ## - Ключова дума – ненормативна | |
| Ключова дума | песни |
| 653 ## - Ключова дума – ненормативна | |
| Ключова дума | Мексико |
| 653 ## - Ключова дума – ненормативна | |
| Ключова дума | индианци |
| 653 ## - Ключова дума – ненормативна | |
| Ключова дума | креоли |
| 852 ## - Местоположение | |
| Форматна сигнатура | Цб 1384 |
| 856 4# - Електронен адрес и достъп | |
| Електронен формат | pdf - файл |
| 856 4# - Електронен адрес и достъп | |
| Електронен формат | pdf - файл |
| 999 ## - СИСТЕМНИ КОНТРОЛНИ НОМЕРА | |
| Koha biblionumber | 120206 |
| Koha biblioitemnumber | 120206 |
| 942 ## - АРТИКУЛИ | |
| Вид на библиотечния материал | Нотни издания |
| Скрит в OPAC | Не |
| Периодичен библиозапис | Да |
| 944 ## - СЪЗДАВАНЕ И РЕДАКЦИЯ на ЗАПИСА | |
| Създаване/Редакция | Създаване |
| Дата на регистрацията/редакция | 2020-04-15 |
| Служител, извършил регистрацията/редакцията | В. Т. |
| 999 ## - СИСТЕМНИ КОНТРОЛНИ НОМЕРА | |
| Koha biblioitemnumber | 120206 |
| Код за отписване | Код за изгубен артикул | Източник на класификационната схема | Код за повреда | Коз за рестрикции | Код за отдаване | Артикулен № | Име на библиотеката - собственик | Име на библиотеката, в която се намира в момента | Статус (Текущо местоположение) | Дата на вписване в системата | Местоположение - отдел | Цена в лева | Инвентарен номер | Систематично азбучна сигнатура | Баркод | Номер на екземпляра | Цена в евро | Служебна бележка | Служебен тип на артикула |
|---|---|---|---|---|---|---|---|---|---|---|---|---|---|---|---|---|---|---|---|
| Изтеглен | Не е изгубен | Universal Decimal Classification | Не е повреден | без рестрикции | ползва се в читалня | 194104 | Регионална библиотека "Любен Каравелов" Русе | Регионална библиотека "Любен Каравелов" Русе | Отдел Изкуство - читалня | 1977-01-01 | Отдел Изкуство - читалня | 0.00 | 275432 | И 784.4/П 56 | 275432 | 1 | 0.00 | Дост: Pk Вид: Ф N: стар фонд Дата: 01.01.1977 Дата инв: 21.06.2012 Бележки инв: * | Книги |
| Не е изгубен | Universal Decimal Classification | Не е повреден | ползва се в читалня | 762276 | Регионална библиотека "Любен Каравелов" Русе | Регионална библиотека "Любен Каравелов" Русе | Хранилище | 2020-04-16 | Основен фонд - ползва се само за читалня | 1.69 | 295487 | Цб М 1384 | 120000295487 | 0.86 | Нотни издания |